|
|
|
|
| LEADER |
00000nam a2200000 a 4500 |
| 001 |
vtls001363498 |
| 003 |
SK-MaSNL |
| 005 |
20260302071143.0 |
| 008 |
240314s1998 PL a r pol |
| 020 |
|
|
|a 8371751370
|c b.c.
|
| 035 |
|
|
|a SNK000317126
|
| 035 |
|
|
|a urn:nbn:sk:snk-amyhnr
|
| 035 |
|
|
|a urn:nbn:sk:snk-am00ck4l
|
| 035 |
|
|
|a 5E7578D5-8004-4710-B0F3-FD715516F942
|
| 040 |
|
|
|a SNK
|b slo
|c SNK
|e AACR2
|
| 041 |
0 |
|
|a pol
|
| 044 |
|
|
|a PL
|
| 080 |
|
|
|a 635(084.12)
|2 1981
|
| 100 |
1 |
|
|a McHoy, Peter
|4 aut
|9 519428
|
| 245 |
1 |
0 |
|a Praktyczna encyklopedia ogrodnictwa
|c Peter McHoy ; [z języka angielskiego przełożył: Helena Terpińska-Ostrowska]
|
| 260 |
|
|
|a [Warszawa]
|b Delta W-Z
|c [1998]
|e Martin
|e Neografia
|
| 300 |
|
|
|a 256 s.
|c 30 cm
|
| 650 |
0 |
7 |
|a záhradkárstvo
|2 SNKPH
|9 2728
|
| 655 |
|
7 |
|a príručky
|2 SNKPH
|9 74364
|
| 700 |
1 |
|
|a Terpińska-Ostrowska, Helena
|4 trl
|9 388120
|
| 919 |
|
|
|a 83-7175-137-0
|
| 999 |
|
|
|c 1150721
|d 1152651
|
| 952 |
|
|
|t P60, <03>, [BOOK], {603}
|a SNK
|b SNK
|y PREZ
|7 0
|p 17A0194668
|o snkSB 60439
|i snkKSP 5699/99
|0 0
|1 0
|4 0
|d 1999-05-20
|f 1
|l 0
|r 2025-04-10 00:00:00
|w 2026-02-24
|
| 952 |
|
|
|t P60, <04>, [BOOK], {604}
|a SNK
|b SNK
|y VYP
|7 0
|p 17A0266857
|o snkSB 60439 D1
|i snkKSP 1454/2001
|0 0
|1 0
|4 0
|d 2001-01-30
|l 0
|r 2005-01-02 00:00:00
|w 2026-02-24
|